Normal view
MARC view
- Commissione pastorale sposi e famiglia regione triveneta
Entry Personal Name
001 - CONTROL NUMBER
- control field: 60923
003 - CONTROL NUMBER IDENTIFIER
- control field:
005 - DATE AND TIME OF LATEST TRANSACTION
- control field: 20240718115612.0
008 - FIXED-LENGTH DATA ELEMENTS
- fixed length control field: 240718|| aca||aabn | a|a d
040 ## - CATALOGING SOURCE
- Original cataloging agency:
- Transcribing agency:
100 ## - HEADING--PERSONAL NAME
- Personal name: Commissione pastorale sposi e famiglia regione triveneta
670 ## - SOURCE DATA FOUND
- Source citation: Work cat.: ()206845: Commissione pastorale sposi e famiglia regione triveneta , Sposi cristiani: un dono e un compito., 1989